市区町村人口増加率ランキング(2020→2023) - Statistics

General Stats
  • This quiz has been taken 121 times
  • The average score is 33 of 100
Answer Stats
順位 都道府県 市区町村 人口増加率 2023年 (人) 2020年 (人) % Correct
2 茨城県 つくば市 5.86% 255,807 241,656
91%
3 千葉県 流山市 5.66% 211,160 199,849
81%
4 千葉県 印西市 5.53% 108,276 102,609
66%
15 長野県 軽井沢町 3.24% 19,809 19,188
57%
45 茨城県 守谷市 1.90% 69,717 68,421
54%
54 千葉県 柏市 1.78% 434,031 426,468
54%
14 東京都 中央区 3.47% 175,038 169,179
53%
34 東京都 港区 2.34% 266,575 260,486
53%
48 福岡県 福岡市 1.88% 1,642,571 1,612,392
53%
32 東京都 千代田区 2.41% 68,286 66,680
52%
63 神奈川県 藤沢市 1.63% 443,986 436,905
50%
72 東京都 豊島区 1.41% 305,830 301,599
50%
35 東京都 江東区 2.28% 536,250 524,310
49%
83 東京都 新宿区 1.22% 353,615 349,385
49%
22 茨城県 つくばみらい市 2.84% 51,284 49,872
47%
1 北海道 占冠村 12.10% 1,464 1,306
46%
17 東京都 墨田区 3.05% 280,365 272,085
46%
24 神奈川県 海老名市 2.68% 140,170 136,516
46%
26 滋賀県 草津市 2.60% 147,651 143,913
46%
8 東京都 台東区 3.96% 219,806 211,444
45%
42 東京都 文京区 2.05% 244,977 240,069
45%
77 神奈川県 茅ヶ崎市 1.30% 245,534 242,389
45%
93 東京都 北区 1.06% 358,977 355,213
45%
46 千葉県 八千代市 1.90% 203,286 199,498
44%
57 神奈川県 大和市 1.71% 243,252 239,169
43%
94 東京都 荒川区 1.06% 219,774 217,475
43%
31 熊本県 菊陽町 2.46% 44,399 43,337
42%
90 沖縄県 読谷村 1.10% 41,656 41,206
42%
96 沖縄県 うるま市 1.05% 126,607 125,303
42%
11 沖縄県 南城市 3.56% 45,608 44,043
41%
23 熊本県 合志市 2.70% 63,434 61,772
41%
39 富山県 舟橋村 2.08% 3,197 3,132
40%
18 沖縄県 中城村 3.00% 22,820 22,157
39%
78 広島県 府中町 1.30% 51,817 51,155
39%
40 滋賀県 守山市 2.08% 84,963 83,236
38%
50 熊本県 益城町 1.86% 33,113 32,510
38%
28 鳥取県 日吉津村 2.49% 3,588 3,501
36%
59 熊本県 大津町 1.69% 35,779 35,187
36%
66 埼玉県 さいたま市 1.58% 1,344,850 1,324,025
36%
82 福岡県 大野城市 1.23% 103,339 102,085
36%
55 東京都 国分寺市 1.75% 131,495 129,242
35%
84 沖縄県 北中城村 1.21% 18,185 17,969
35%
44 広島県 海田町 1.97% 30,219 29,636
34%
58 愛知県 長久手市 1.70% 61,183 60,162
34%
69 京都府 長岡京市 1.49% 81,806 80,608
34%
71 沖縄県 名護市 1.43% 64,457 63,554
34%
97 東京都 小金井市 1.03% 127,366 126,074
34%
53 大阪府 吹田市 1.81% 392,536 385,567
33%
98 沖縄県 南風原町 1.00% 40,844 40,440
33%
19 茨城県 阿見町 2.94% 49,979 48,553
32%
30 三重県 川越町 2.46% 15,495 15,123
32%
70 京都府 木津川市 1.43% 79,015 77,907
32%
76 福岡県 粕屋町 1.33% 48,829 48,190
32%
79 福岡県 糸島市 1.27% 100,131 98,877
32%
88 石川県 野々市市 1.12% 57,877 57,238
32%
92 山梨県 忍野村 1.08% 9,336 9,237
32%
20 山梨県 昭和町 2.87% 21,508 20,909
30%
33 福岡県 福津市 2.36% 68,611 67,033
30%
74 埼玉県 朝霞市 1.33% 142,958 141,083
29%
7 熊本県 嘉島町 4.25% 9,952 9,547
28%
43 福岡県 筑紫野市 2.02% 105,392 103,311
28%
56 京都府 京田辺市 1.73% 75,024 73,753
28%
6 長野県 御代田町 4.36% 16,233 15,555
27%
10 沖縄県 恩納村 3.76% 11,277 10,869
27%
47 東京都 稲城市 1.89% 94,905 93,151
27%
91 山梨県 富士河口湖町 1.09% 26,365 26,082
27%
25 神奈川県 開成町 2.62% 18,808 18,329
26%
29 長野県 南箕輪村 2.46% 16,185 15,797
26%
13 沖縄県 八重瀬町 3.49% 32,020 30,941
24%
36 福岡県 久山町 2.25% 9,272 9,068
23%
64 愛知県 日進市 1.63% 93,006 91,520
23%
75 千葉県 四街道市 1.33% 94,817 93,576
23%
81 長崎県 大村市 1.24% 96,579 95,397
23%
52 徳島県 北島町 1.83% 23,159 22,745
22%
61 京都府 大山崎町 1.67% 16,219 15,953
22%
99 埼玉県 富士見市 0.96% 112,929 111,859
22%
16 熊本県 西原村 3.13% 6,627 6,426
20%
51 岐阜県 瑞穂市 1.85% 57,428 56,388
20%
67 愛知県 大治町 1.53% 32,894 32,399
20%
87 神奈川県 大井町 1.14% 17,324 17,129
20%
100 福島県 西郷村 0.95% 21,005 20,808
20%
12 群馬県 吉岡町 3.52% 22,559 21,792
19%
5 長野県 川上村 4.54% 4,541 4,344
18%
9 北海道 南幌町 3.90% 7,604 7,319
18%
21 沖縄県 宜野座村 2.85% 5,999 5,833
18%
37 長野県 南牧村 2.16% 3,312 3,242
18%
65 熊本県 御船町 1.59% 16,561 16,303
18%
86 福岡県 苅田町 1.16% 38,120 37,684
18%
95 岐阜県 北方町 1.05% 18,328 18,139
18%
73 福岡県 須恵町 1.40% 29,026 28,628
17%
80 島根県 海士町 1.24% 2,295 2,267
16%
27 北海道 東川町 2.54% 8,525 8,314
15%
41 佐賀県 上峰町 2.08% 9,479 9,286
15%
89 岐阜県 富加町 1.11% 5,688 5,626
15%
62 千葉県 袖ケ浦市 1.64% 64,925 63,883
14%
85 奈良県 葛城市 1.16% 37,259 36,832
11%
60 埼玉県 滑川町 1.67% 20,061 19,732
8%
38 東京都 利島村 2.15% 334 327
6%
68 福岡県 筑前町 1.53% 30,041 29,591
6%
49 福岡県 大刀洗町 1.87% 15,810 15,521
4%
No matching quizzes found
Score Distribution
Percent of People with Each Score
Percentile by Number Answered
Your Score History
You have not taken this quiz